|
|
|
|
| LEADER |
00000naa2a2200000 4500 |
| 001 |
603265 |
| 005 |
20260226162316.0 |
| 035 |
|
|
|a (RuTPU)RU\TPU\conf\416
|
| 035 |
|
|
|a RU\TPU\conf\159
|
| 090 |
|
|
|a 603265
|
| 100 |
|
|
|a 20131226d2013 k y0rusy50 ba
|
| 101 |
0 |
|
|a eng
|
| 102 |
|
|
|a RU
|
| 135 |
|
|
|a drcn ---uucaa
|
| 181 |
|
0 |
|a i
|
| 182 |
|
0 |
|a b
|
| 200 |
1 |
|
|a The anatomy and features of applications for Microsoft Office 2013
|f A. V. Kolchanov
|
| 203 |
|
|
|a Текст
|c электронный
|
| 225 |
1 |
|
|a Технологии разработки и проектирования информационных систем
|
| 300 |
|
|
|a Заглавие с титульного листа.
|
| 320 |
|
|
|a [Referen.: p. 256 (1 title)]
|
| 330 |
|
|
|a The Apps for Office development platform provides new experiences in Office applications by surfacing web technologies and cloud services right within Office documents, email messages, meeting requests, and appointments.
|
| 337 |
|
|
|a Adobe Reader
|
| 463 |
|
1 |
|0 (RuTPU)RU\TPU\conf\40
|t Технологии Microsoft в теории и практике программирования
|o сборник трудов X Всероссийской научно-практической конференции студентов, аспирантов и молодых ученых, г.Томск, 19-20 марта 2013 г.
|f Национальный исследовательский Томский политехнический университет (ТПУ), Институт кибернетики ; ред. кол. А. В. Лиепиньш и др.
|v [Р. 255-256]
|d 2013
|
| 610 |
1 |
|
|a электронный ресурс
|
| 610 |
1 |
|
|a труды учёных ТПУ
|
| 610 |
1 |
|
|a Microsoft Office 2013
|
| 610 |
1 |
|
|a приложения
|
| 700 |
|
1 |
|a Kolchanov
|b A. V.
|g Andrey Viktorovich
|
| 801 |
|
2 |
|a RU
|b 63413507
|c 20230518
|g RCR
|
| 856 |
4 |
|
|u http://www.lib.tpu.ru/fulltext/c/2013/C28/099.pdf
|
| 942 |
|
|
|c BK
|